| 000 | 01057nam a22002297a 4500 | ||
|---|---|---|---|
| 003 | BD-DhJNU | ||
| 005 | 20251123071327.0 | ||
| 008 | 251123b |||||||| |||| 00| 0 eng d | ||
| 020 | _a9789849184294 | ||
| 040 |
_aBD-DhJNU _bBEN _cBD-DhJNU _dBD-DhJNU |
||
| 082 |
_223 _a001.42 |
||
| 100 | _aআকরাম উজ্জামান, মুহাম্মদ | ||
| 242 |
_aResearch methods and applications / _cMuhammed Akram Uzzaman |
||
| 245 |
_aগবেষণার পদ্ধতি ও প্রয়োগ / _cমুহাম্মদ আকরাম উজ্জামান |
||
| 246 | _aGobeshona poddhoti o proyog | ||
| 260 |
_aঢাকা : _bপ্রত্যয় পাবলিকেশন্স, _c2025. |
||
| 300 |
_a৫৫১পৃ. : _bচিত্র ; _c২১ সে.মি. । |
||
| 504 | _aগ্রন্থপঞ্জিগত নির্দেশিকা ও নিঘন্ট অন্তভূক্ত | ||
| 650 | _aগবেষণার পদ্ধতি | ||
| 650 | _aResearch methods | ||
| 942 |
_2ddc _cBK _n0 |
||
| 999 |
_c2395 _d2395 |
||